000
00487nam a2200181Ia 4500
008
090123s9999 xx 000 0 und d
082
_b
1597
_a
891.463/राजे
100
_a
राजे शैलजा
245
_a
अंकुर
250
_a
1
260
_b
प्रभाकर मु.
300
_a
133
600
_a
राजे शैलजा
630
_a
अंकुर
700
_a
राजे शैलजा
730
_a
अंकुर
942
_c
BOOK
999
_c
39680
_d
39680